000 00597nam a22002417a 4500
001 90756
003 UA-OsUOA
005 20201016155519.0
007 ta
008 20121120b un ||||| |||| 00| 0 ukr d
020 _a5319002432
040 _aUA-OsUOA
_bukr
_cUA-OsUOA
_dUA-OsUOA
041 _aukr
080 _a821.161.2
090 _a821.161.2
_bП14
100 _aПалажченко О.
245 _aПодвиг комісара
_bповість
260 _aК.
_bПолітвидав України
_c1989
300 _a478 с.
650 7 _2UDC
942 _cBK
_2udc
955 _a0
999 _c377032
_d377032